Physical chemistry
Saved in:
| Hovedforfatter: | |
|---|---|
| Format: | Bog |
| Sprog: | engelsk |
| Udgivet: |
Englewood Cliffs
Prentice-Hall
1962
|
| Udgivelse: | 3a. ed |
| Serier: | Prentice-Hall chemistry
|
| Fag: | |
| Tags: |
Tilføj Tag
Ingen Tags, Vær først til at tagge denne postø!
|
MARC
| LEADER | 00000nam a2200000 a 4500 | ||
|---|---|---|---|
| 001 | UCU3643 | ||
| 003 | CL-VaPUC | ||
| 008 | 960510e19620000us |||||||||||||||||eng|d | ||
| 082 | 0 | 4 | |a 541.3 |b MOO |2 21 |
| 100 | |a Moore, Walter J. |e autor |9 373629 | ||
| 245 | 1 | 0 | |a Physical chemistry |
| 250 | |a 3a. ed | ||
| 300 | |a 844 p | ||
| 942 | |c BK | ||
| 945 | |d 19960510 00:00:00 |a paguirre | ||
| 260 | |a Englewood Cliffs |b Prentice-Hall |c 1962 | ||
| 650 | 0 | |a Química física |9 260596 | |
| 650 | 0 | |a Termodinámica |9 259320 | |
| 650 | 7 | |a CALORIMETRIA |2 CL-VaPUC |9 360146 | |
| 650 | 0 | |a Calor específico |9 259409 | |
| 650 | 0 | |a Gases |9 260945 | |
| 650 | 7 | |a EQUILIBRIOS QUIMICOS |2 CL-VaPUC |9 336637 | |
| 650 | 0 | |a Cinética química |9 344779 | |
| 650 | 0 | |a Electroquímica |9 263973 | |
| 650 | 0 | |a Estructura atómica |9 259944 | |
| 650 | 0 | |a Estados de la Materia |9 347141 | |
| 650 | 7 | |a RADIACTIVIDAD |2 CL-VaPUC |9 354956 | |
| 650 | 7 | |a QUIMICA NUCLEAR |2 CL-VaPUC |9 360712 | |
| 583 | |a last modification |c 20180403 10:56:46 |k Rodrigo Vera | ||
| 490 | 0 | |a Prentice-Hall chemistry | |
| 999 | |c 247582 |d 247580 | ||
| 952 | |0 0 |1 0 |4 0 |6 541_300000000000000_MOO_1962 |7 0 |8 A |9 263587 |a BIBING |b BIBING |d 2019-11-19 |i 1656945 |o 541.3 MOO 1962 |p 1656945 |r 2025-01-20 |w 2019-11-19 |y BK |k EIQ | ||
| 952 | |0 0 |1 0 |4 0 |6 541_300000000000000_MOO_1962 |7 0 |8 A |9 263589 |a BIBCUR |b BIBCUR |d 2019-11-19 |i 3462935 |o 541.3 MOO 1962 |p 3462935 |r 2025-04-22 |w 2019-11-19 |y BK |k BCB | ||